[Event "42nd Olympiad 2016"]
[Site "Baku AZE"]
[Date "2016.09.09"]
[Round "7.72"]
[Board "3"]
[White "Mathews, Cesar"]
[Black "Chimthere, Alfred Charles"]
[Result "1-0"]
[WhiteTitle "CM"]
[BlackTitle "CM"]
[WhiteElo "2116"]
[BlackElo "2037"]
[WhiteTeam "Panama"]
[BlackTeam "Malawi"]
[WhiteFideId "6600360"]
[BlackFideId "16400046"]
[EventDate "2016.09.02"]

1. e4 c6 2. d4 d5 3. exd5 cxd5 4. c4 Nf6 5. Nc3 e6 6. Nf3 Be7 7. c5 O-O 8. b4 b6
9. Bf4 a5 10. a3 axb4 11. axb4 Rxa1 12. Qxa1 bxc5 13. Bxb8 cxb4 14. Nb1 b3 15.
Bf4 Ne4 16. Bd3 Bb4+ 17. Bd2 Nxd2 18. Nbxd2 Qb6 19. O-O Bxd2 20. Nxd2 Qb4 21.
Qb2 Bd7 22. Nxb3 Ba4 23. Bc2 Rb8 24. Rb1 g6 25. h3 Kg7 26. Qa1 Qc4 27. Qb2 Rb4
28. Bd1 Bxb3 29. Bxb3 Qxd4 30. Qc2 h5 31. Rd1 Qf6 32. Qd3 Rf4 33. f3 h4 34. Re1
Qb2 35. Qc2 Qd4+ 36. Qf2 Qb4 37. Bc2 Rd4 38. Qe3 Rd2 39. Rb1 Qa5 40. Qe5+ Kh7
41. Rb8 Qc5+ 42. Kh1 1-0

[Event "42nd Olympiad 2016"]
[Site "Baku AZE"]
[Date "2016.09.09"]
[Round "7.72"]
[Board "4"]
[White "Khuphwathea, Paul C."]
[Black "Leon, Orlando"]
[Result "0-1"]
[WhiteElo "1879"]
[BlackElo "2060"]
[WhiteTeam "Malawi"]
[BlackTeam "Panama"]
[WhiteFideId "14305569"]
[BlackFideId "6600913"]
[EventDate "2016.09.02"]

1. d4 d5 2. Nf3 Nf6 3. Bg5 Ne4 4. Bh4 c5 5. c3 cxd4 6. Nxd4 Qb6 7. f3 Qh6 8.
Bxe7 Bxe7 9. fxe4 Bh4+ 10. g3 Bxg3+ 11. hxg3 Qxh1 12. exd5 Qxd5 13. Qd3 O-O 14.
Nd2 Nc6 15. Nxc6 Qxc6 16. O-O-O Be6 17. Nf3 Bxa2 18. Bg2 Bc4 19. Qc2 Rfe8 20. e3
Qh6 21. Kb1 Rxe3 22. Nd4 Qa6 23. Be4 g6 24. b3 Re8 25. Nf5 gxf5 26. Bxf5 Re2 27.
Bxh7+ Kg7 0-1

[Event "42nd Olympiad 2016"]
[Site "Baku AZE"]
[Date "2016.09.09"]
[Round "7.73"]
[Board "1"]
[White "Gontcharov, Serguei"]
[Black "Khan, Taffin"]
[Result "0-1"]
[BlackTitle "CM"]
[WhiteElo "1793"]
[BlackElo "1877"]
[WhiteTeam "Bermuda"]
[BlackTeam "Guyana"]
[WhiteFideId "8800871"]
[BlackFideId "19700024"]
[EventDate "2016.09.02"]

1. e4 d6 2. d4 Nf6 3. Nc3 Nbd7 4. Nf3 e5 5. Be2 Be7 6. O-O O-O 7. Re1 c6 8. dxe5
dxe5 9. Bg5 h6 10. Bh4 Ne8 11. Bg3 Bf6 12. Nxe5 Bxe5 13. Bxe5 Qb6 14. Bd4 Qxb2
15. Rb1 Qa3 16. Rb3 Qa5 17. Bg4 Nc5 18. Bxc5 Qxc5 19. e5 f5 20. Bh5 Be6 21. Rxb7
Qxc3 22. Re3 Qc5 23. Rg3 f4 24. Rg6 Bf5 25. Rxh6 Qxe5 26. Rxc6 Rd8 27. Qb1 Be4
28. Bxe8 Rfxe8 29. Rb5 Bd5 0-1

[Event "42nd Olympiad 2016"]
[Site "Baku AZE"]
[Date "2016.09.09"]
[Round "7.73"]
[Board "2"]
[White "Greenidge, Ronuel"]
[Black "Lill, Sami"]
[Result "1-0"]
[WhiteTitle "CM"]
[BlackTitle "CM"]
[WhiteElo "1723"]
[BlackElo "1870"]
[WhiteTeam "Guyana"]
[BlackTeam "Bermuda"]
[WhiteFideId "19700075"]
[BlackFideId "8800170"]
[EventDate "2016.09.02"]

1. c4 Nf6 2. Nc3 b6 3. e4 d6 4. g3 Bb7 5. Bg2 e5 6. Nge2 Nbd7 7. O-O Nc5 8. d3
Be7 9. b4 Ne6 10. Bb2 c6 11. Qb3 O-O 12. Rfd1 c5 13. bxc5 Nxc5 14. Qc2 Rc8 15.
d4 exd4 16. Nxd4 Ne6 17. Nxe6 fxe6 18. e5 Bxg2 19. exf6 Bxf6 20. Kxg2 Rxc4 21.
Qd3 Qc7 22. Rac1 Qb7+ 23. Kg1 d5 24. Qe2 Re8 25. Nxd5 Rxc1 26. Nxf6+ gxf6 27.
Rxc1 e5 28. f4 Qd7 29. fxe5 fxe5 30. Rc4 e4 31. Rd4 Qc8 32. Qb5 Qe6 33. Rd6 Qe7
34. Qd5+ Qf7 35. Qg5+ 1-0

[Event "42nd Olympiad 2016"]
[Site "Baku AZE"]
[Date "2016.09.09"]
[Round "7.73"]
[Board "3"]
[White "Flanagan, Mark"]
[Black "Su, Haifeng"]
[Result "1-0"]
[WhiteElo "1768"]
[BlackElo "1800"]
[WhiteTeam "Bermuda"]
[BlackTeam "Guyana"]
[WhiteFideId "8800880"]
[BlackFideId "19700202"]
[EventDate "2016.09.02"]

1. d4 c6 2. c3 d5 3. Bf4 Nf6 4. e3 Nbd7 5. Nd2 e6 6. Ngf3 Be7 7. h3 c5 8. Bd3
cxd4 9. exd4 Nb6 10. O-O O-O 11. Re1 Bd7 12. Ne5 Rc8 13. Re3 Be8 14. Rg3 Kh8 15.
h4 g6 16. Bh6 Rg8 17. Rh3 Nbd7 18. Ndf3 Nxe5 19. Nxe5 Nd7 20. Nf3 Nf6 21. Ng5
Nh5 22. Qd2 Qd6 23. Re1 Nf4 24. Nxf7+ Bxf7 25. Bxf4 Qd8 26. Rf3 Bf6 27. Be5 Bxe5
28. Rxf7 Bc7 1-0

[Event "42nd Olympiad 2016"]
[Site "Baku AZE"]
[Date "2016.09.09"]
[Round "7.73"]
[Board "4"]
[White "Neto, Roberto"]
[Black "Dacres, Don"]
[Result "1/2-1/2"]
[WhiteElo "1561"]
[BlackElo "1713"]
[WhiteTeam "Guyana"]
[BlackTeam "Bermuda"]
[WhiteFideId "19700318"]
[BlackFideId "8800820"]
[EventDate "2016.09.02"]

1. e4 c5 2. Nf3 g6 3. d4 Bg7 4. Nc3 cxd4 5. Nxd4 Nc6 6. Be3 Nf6 7. Be2 d5 8.
exd5 Nxd5 9. Nxd5 Qxd5 10. Bf3 Qd7 11. Nxc6 bxc6 12. Qxd7+ Bxd7 13. O-O O-O 14.
Rad1 Bf5 15. c3 Rfc8 16. Rd2 e5 17. Be2 Be6 18. b3 c5 19. Bf3 Rab8 20. c4 Bf8
21. Bd5 Rb6 22. Rfd1 Kg7 23. Bxe6 Rxe6 24. g3 Rcc6 25. Rd5 a6 26. Rd8 Red6 27.
R1xd6 Rxd6 28. Rc8 Rd1+ 29. Kg2 Ra1 30. Bxc5 Bxc5 31. Rxc5 Rxa2 32. Rxe5 a5 33.
Rb5 Rb2 34. Rxa5 Rxb3 35. Rc5 Rc3 36. Rc6 h5 37. h3 Kf8 38. g4 hxg4 39. hxg4 g5
40. Rc7 f6 41. c5 Ke8 1/2-1/2

[Event "42nd Olympiad 2016"]
[Site "Baku AZE"]
[Date "2016.09.09"]
[Round "7.74"]
[Board "1"]
[White "Klaas, Tokelo"]
[Black "Salim, Mohammed Salim Al Amri"]
[Result "0-1"]
[BlackTitle "FM"]
[WhiteElo "1663"]
[BlackElo "2050"]
[WhiteTeam "Lesotho"]
[BlackTeam "Oman"]
[WhiteFideId "21300020"]
[BlackFideId "22000089"]
[EventDate "2016.09.02"]

1. d4 Nf6 2. c4 e6 3. Nc3 Bb4 4. a3 Bxc3+ 5. bxc3 Ne4 6. Qc2 f5 7. Nf3 O-O 8. g3
b6 9. Bg2 Bb7 10. O-O Nc6 11. Nd2 Nxd2 12. Bxd2 Na5 13. Bxb7 Nxb7 14. e4 fxe4
15. Qxe4 Na5 16. d5 Re8 17. h4 e5 18. Bg5 Qc8 19. f4 d6 20. f5 Rf8 21. Ra2 h6
22. Be7 Rf7 23. f6 Qa6 24. Qg6 Nxc4 25. Raf2 Ne3 26. fxg7 Qxf1+ 27. Rxf1 Rxf1+
28. Kh2 Rf2+ 29. Kh3 Rf1 30. g4 Rf3+ 31. Kh2 Rf7 32. Bf8 Re8 33. g5 hxg5 34. h5
Ng4+ 35. Kg3 Nf6 36. h6 e4 37. Kf2 e3+ 38. Ke2 Nh7 39. Qh5 Re5 40. c4 Rf2+ 41.
Ke1 Rf4 42. Qh3 e2 43. Qe6+ 0-1

[Event "42nd Olympiad 2016"]
[Site "Baku AZE"]
[Date "2016.09.09"]
[Round "7.74"]
[Board "2"]
[White "Salim, Issa Ali Shamas"]
[Black "Latela, Kananelo"]
[Result "1-0"]
[WhiteTitle "CM"]
[WhiteElo "1932"]
[BlackElo "1736"]
[WhiteTeam "Oman"]
[BlackTeam "Lesotho"]
[WhiteFideId "22000062"]
[BlackFideId "14317206"]
[EventDate "2016.09.02"]

1. Nf3 Nf6 2. Nc3 d5 3. d4 c5 4. e3 Nc6 5. Bb5 a6 6. Bxc6+ bxc6 7. Ne5 Qc7 8.
O-O Bf5 9. Na4 e6 10. b3 Bd6 11. f4 cxd4 12. exd4 c5 13. c4 O-O 14. Ba3 cxd4 15.
Bxd6 Qxd6 16. c5 Qc7 17. Qxd4 Rab8 18. Rac1 Rfc8 19. h3 h5 20. Nb6 Re8 21. b4
Ne4 22. Kh2 f6 23. Nd3 Nd2 24. Rf2 Ne4 25. Rf3 g5 26. g3 g4 27. Re3 gxh3 28.
Nxd5 Qd8 29. Rxe4 Bxe4 30. Nxf6+ Kf7 31. Nd7 Bxd3 32. Qxd3 Rh8 33. Rd1 Ra8 34.
Ne5+ Ke8 35. Qg6+ Ke7 36. Qf7# 1-0

[Event "42nd Olympiad 2016"]
[Site "Baku AZE"]
[Date "2016.09.09"]
[Round "7.74"]
[Board "3"]
[White "Joang, Molapo"]
[Black "Hardan, Hamid Musallem"]
[Result "1-0"]
[WhiteElo "1685"]
[BlackElo "1914"]
[WhiteTeam "Lesotho"]
[BlackTeam "Oman"]
[WhiteFideId "21300380"]
[BlackFideId "22000534"]
[EventDate "2016.09.02"]

1. d4 Nf6 2. c4 e6 3. Nf3 Bb4+ 4. Nc3 Nc6 5. a3 Bxc3+ 6. bxc3 d5 7. Bg5 h6 8.
Bh4 g5 9. Bg3 Ne4 10. Qc2 f5 11. Be5 Rg8 12. e3 g4 13. Nd2 Nxe5 14. dxe5 Nxd2
15. Qxd2 c6 16. h4 Qc7 17. cxd5 cxd5 18. Qd4 Bd7 19. Be2 Rc8 20. O-O Qc5 21. Qf4
Qf8 22. c4 dxc4 23. Bxc4 g3 24. f3 Qe7 25. Rfd1 b5 26. Bf1 Rg4 27. Qxh6 Rxh4 28.
Qg6+ Kd8 29. Qxg3 a6 30. Rd6 Qh7 31. Rad1 Rh1+ 32. Kf2 Rc2+ 33. R1d2 Rxd2+ 34.
Rxd2 Qh4 35. Qxh4+ Rxh4 36. Rd6 Ra4 37. Rd3 Kc7 38. Be2 Bc6 39. Rc3 Kb6 40. g4
fxg4 41. Bd1 Ra5 42. fxg4 b4 43. axb4 Rxe5 44. Bf3 Bxf3 45. Kxf3 Kb5 46. Ra3 Rd5
47. Ra5+ Kxb4 48. Rxd5 exd5 49. g5 a5 50. g6 a4 51. g7 a3 52. g8=Q a2 53. Qg7
Kb3 1-0

[Event "42nd Olympiad 2016"]
[Site "Baku AZE"]
[Date "2016.09.09"]
[Round "7.74"]
[Board "4"]
[White "Al Mashikhi, Salim Aliyan"]
[Black "Thabang, Maepe"]
[Result "1-0"]
[WhiteElo "2060"]
[BlackElo "1668"]
[WhiteTeam "Oman"]
[BlackTeam "Lesotho"]
[WhiteFideId "22000046"]
[BlackFideId "21300429"]
[EventDate "2016.09.02"]

1. e4 e5 2. Nf3 Nc6 3. Bc4 Nf6 4. d3 h6 5. c3 Bc5 6. b4 Bb6 7. b5 Na5 8. Nxe5
O-O 9. Bb3 d6 10. Nf3 Nxb3 11. Qxb3 Be6 12. c4 Bg4 13. Nbd2 Nd7 14. Bb2 Nc5 15.
Qc3 f6 16. a4 a5 17. O-O Ne6 18. h3 Nf4 19. Rae1 Bd7 20. d4 Qe8 21. Qe3 Ne6 22.
Nb3 Qg6 23. Nh4 Qh5 24. Nf5 Ng5 25. f4 Nh7 26. Ne7+ Kh8 27. f5 Rfe8 28. Ng6+ Kg8
29. g4 Qg5 30. Qf3 h5 31. Bc1 hxg4 32. hxg4 1-0

[Event "42nd Olympiad 2016"]
[Site "Baku AZE"]
[Date "2016.09.09"]
[Round "7.75"]
[Board "1"]
[White "Mannhart, Marcel"]
[Black "Sanon, Mondoly"]
[Result "1-0"]
[WhiteTitle "CM"]
[WhiteElo "2128"]
[BlackElo "2036"]
[WhiteTeam "Liechtenstein"]
[BlackTeam "Haiti"]
[WhiteFideId "12000108"]
[BlackFideId "11900059"]
[EventDate "2016.09.02"]

1. Nc3 d5 2. e4 dxe4 3. Nxe4 e6 4. d4 Nf6 5. Nxf6+ Qxf6 6. Nf3 h6 7. Bd3 Bd6 8.
O-O Bd7 9. Qe2 Bc6 10. Ne5 Bxe5 11. dxe5 Qe7 12. Bd2 Nd7 13. Rfe1 b6 14. b4 Rb8
15. Qg4 g6 16. Qg3 Bb7 17. a3 Bd5 18. c4 Bb7 19. Be4 Nf8 20. Bxb7 Rxb7 21. Qf3
Rb8 22. Red1 g5 23. Bc3 Ng6 24. Qc6+ Kf8 25. Rd7 Qe8 26. b5 Kg7 27. Rad1 Nf4 28.
Qf3 Kg6 29. Bb4 Nd5 30. R1xd5 exd5 31. Qf6+ Kh5 32. f3 Qxd7 33. g4+ Kh4 34. Kg2 1-0

[Event "42nd Olympiad 2016"]
[Site "Baku AZE"]
[Date "2016.09.09"]
[Round "7.75"]
[Board "2"]
[White "Luxama, Jacques Muller"]
[Black "Frick, Renato"]
[Result "0-1"]
[WhiteTitle "CM"]
[WhiteElo "2024"]
[BlackElo "2000"]
[WhiteTeam "Haiti"]
[BlackTeam "Liechtenstein"]
[WhiteFideId "11900113"]
[BlackFideId "12000027"]
[EventDate "2016.09.02"]

1. e4 e5 2. Nf3 Nc6 3. Bc4 Nf6 4. d3 Bc5 5. c3 O-O 6. Bb3 d5 7. Qe2 h6 8. h3 Be6
9. Nbd2 Qe7 10. Nf1 Rad8 11. Ng3 Rfe8 12. O-O a6 13. Be3 b5 14. Rfd1 Bxe3 15.
Qxe3 a5 16. Bc2 d4 17. Qe2 Qd6 18. Nh4 g6 19. Kh1 Kh7 20. Rf1 Nd7 21. a4 dxc3
22. bxc3 b4 23. Qd2 Qe7 24. Nhf5 gxf5 25. exf5 bxc3 26. Qxc3 Bd5 27. f4 f6 28.
Rae1 Qc5 29. Qd2 Rg8 30. Kh2 Rxg3 31. Kxg3 Rg8+ 32. Kh4 Nd4 33. g4 Qxc2 34. Qxc2
Nxc2 35. Rc1 Ne3 36. Rxc7 Rg7 37. Rf2 exf4 38. Rxf4 Ng2+ 39. Kg3 Nxf4 40. Kxf4
Nb6 41. Rc5 Ra7 42. Rb5 Ra6 43. h4 Bc6 44. Rc5 Nxa4 45. Rc1 Rb6 46. d4 Kg7 47.
g5 hxg5+ 48. hxg5 fxg5+ 49. Kxg5 Kf7 50. Rc4 Nb2 51. Rc5 a4 52. d5 Bd7 53. Ra5
Rb5 0-1

[Event "42nd Olympiad 2016"]
[Site "Baku AZE"]
[Date "2016.09.09"]
[Round "7.75"]
[Board "3"]
[White "Iclicki, Willy"]
[Black "Pierre, Jn Claude"]
[Result "1-0"]
[WhiteElo "1963"]
[BlackElo "1912"]
[WhiteTeam "Liechtenstein"]
[BlackTeam "Haiti"]
[WhiteFideId "200450"]
[BlackFideId "11900253"]
[EventDate "2016.09.02"]

1. d4 Nf6 2. c4 g6 3. Nc3 Bg7 4. e4 d6 5. f4 c6 6. Nf3 e6 7. Be2 O-O 8. O-O Nbd7
9. Be3 Ng4 10. Bd2 e5 11. Nxe5 Ngxe5 12. fxe5 dxe5 13. d5 cxd5 14. cxd5 a6 15.
Be3 Nb6 16. Qb3 Nd7 17. Rac1 f5 18. exf5 gxf5 19. Na4 f4 20. Bc5 b5 21. d6+ Kh8
22. Qd5 Rb8 23. Ba7 Bb7 24. Qe6 bxa4 25. Rc7 Bc8 26. Bxb8 Nxb8 27. Qe7 Nd7 28.
Rfc1 Bf6 29. Qxd8 Bxd8 30. Rxc8 e4 31. Kf1 f3 32. gxf3 exf3 33. Bxa6 Ne5 34.
Rxd8 Rxd8 35. Rd1 Ng4 36. Rd4 h5 37. h3 Ne5 38. Bb5 Kg7 39. d7 Kf6 40. Bxa4 Ke7
41. Kf2 h4 42. Bb5 Rb8 43. a4 Kd8 44. Re4 Rxb5 45. axb5 Nd3+ 46. Kxf3 Nxb2 47.
Rd4 1-0

[Event "42nd Olympiad 2016"]
[Site "Baku AZE"]
[Date "2016.09.09"]
[Round "7.75"]
[Board "4"]
[White "Bazil, Joslin"]
[Black "Jelic, Dejan"]
[Result "1/2-1/2"]
[WhiteElo "1878"]
[BlackElo "1956"]
[WhiteTeam "Haiti"]
[BlackTeam "Liechtenstein"]
[WhiteFideId "11900032"]
[BlackFideId "14531216"]
[EventDate "2016.09.02"]

1. d4 Nf6 2. c4 e6 3. Nc3 Bb4 4. Bd2 O-O 5. Nf3 d5 6. e3 c5 7. a3 Bxc3 8. bxc3
Nbd7 9. Be2 b6 10. O-O dxc4 11. Bxc4 Bb7 12. Rc1 Qe7 13. a4 a5 14. Bb5 Rad8 15.
Qe2 Ne4 16. Rb1 Ndf6 17. Rfd1 Ng4 18. Be1 Ngxf2 19. Bxf2 Nxc3 20. Qe1 Nxb1 21.
Rxb1 Bxf3 22. gxf3 Qg5+ 23. Kh1 cxd4 24. exd4 Rc8 25. Qe3 Qh5 26. Rg1 Rfd8 27.
Qe4 Rc3 28. Qg4 Qh6 29. f4 Rc2 30. Rg2 Rc1+ 31. Rg1 Rc2 32. Rg2 1/2-1/2

[Event "42nd Olympiad 2016"]
[Site "Baku AZE"]
[Date "2016.09.09"]
[Round "7.76"]
[Board "1"]
[White "Weldegebriel Beraki, Kibrom"]
[Black "Mosenya, Ndawana"]
[Result "0-1"]
[WhiteElo "1760"]
[BlackElo "2003"]
[WhiteTeam "Eritrea"]
[BlackTeam "Botswana"]
[WhiteFideId "15701190"]
[BlackFideId "11300370"]
[EventDate "2016.09.02"]

1. Nf3 Nf6 2. g3 g6 3. Bg2 Bg7 4. c4 c6 5. d4 d5 6. O-O O-O 7. Nc3 dxc4 8. a4
Nd5 9. e4 Nxc3 10. bxc3 b5 11. Bf4 Bb7 12. Qd2 Nd7 13. Bh6 a6 14. Bxg7 Kxg7 15.
Rfd1 Nb6 16. a5 Na4 17. Ne5 f6 18. Ng4 Bc8 19. Qh6+ Kg8 20. Ne3 Nxc3 21. Rd2 Be6
22. f4 Qc8 23. h4 Rf7 24. Rc1 b4 25. f5 gxf5 26. exf5 Bd5 27. g4 Qf8 28. Qf4 Qb8
29. Qf2 Qb5 30. Rb2 Qxa5 31. g5 Rg7 32. Ng4 Rf8 33. Qf4 Kh8 34. g6 Qa3 35. Rf2
e5 36. dxe5 fxe5 37. Qh6 Bxg2 38. f6 Rxg6 39. Qxf8+ Rg8 40. Qh6 Rxg4 41. Rxg2
Ne2+ 42. Kf2 Rxg2+ 43. Kxg2 Nf4+ 44. Kf2 Qb2+ 0-1

[Event "42nd Olympiad 2016"]
[Site "Baku AZE"]
[Date "2016.09.09"]
[Round "7.77"]
[Board "1"]
[White "Ip, Seng Tou"]
[Black "Kigigha, Bomo"]
[Result "0-1"]
[BlackTitle "FM"]
[WhiteElo "1675"]
[BlackElo "2340"]
[WhiteTeam "Macau"]
[BlackTeam "Nigeria"]
[WhiteFideId "15400352"]
[BlackFideId "8500037"]
[EventDate "2016.09.02"]

1. e4 c5 2. Nf3 Nc6 3. d4 cxd4 4. Nxd4 Qb6 5. Nb3 Nf6 6. Nc3 e6 7. a3 a6 8. Bf4
d5 9. exd5 exd5 10. Nxd5 Nxd5 11. Qxd5 Be6 12. Qe4 Be7 13. Be3 Qc7 14. Bc4 Bxc4
15. Qxc4 b5 16. Qe4 O-O 17. O-O Bd6 18. h3 Rfe8 19. Qd3 Ne5 20. Qd1 Rad8 21. Bd4
Nc4 22. Re1 Bh2+ 23. Kh1 Be5 24. Qc1 Re6 25. Bxe5 Rxe5 26. Rb1 h6 27. c3 Rg5 28.
Nd4 Ne5 29. Qe3 Ng6 30. Nf3 Rgd5 31. Nd4 Nf4 32. Qe7 R8d7 33. Qe8+ Kh7 34. Re3
Rg5 35. Qe4+ g6 36. Rg3 Rxg3 37. fxg3 Nh5 38. Kg1 Nxg3 39. Qf3 Re7 40. Rd1 h5
41. Kf2 Ne4+ 42. Kg1 Ng5 43. Qd3 Qc5 44. Kh1 Ne4 45. Rf1 Qd6 46. Kg1 Ng3 47. Rd1
h4 48. Qf3 Qe5 49. Qg4 Qe3+ 50. Kh2 Re4 51. Qf3 f5 52. Qxe3 Rxe3 53. Nf3 f4 54.
Nxh4 Re2 55. Rd4 Nf1+ 56. Kg1 Ne3 57. b4 g5 58. Nf3 Rxg2+ 59. Kh1 Rg3 60. Nxg5+
Rxg5 61. Rxf4 Nc4 62. Rf6 Rg6 63. Rf5 Nxa3 64. Rc5 Nc4 65. Kh2 Nd2 66. Rc7+ Rg7
67. Rxg7+ Kxg7 68. Kg2 Ne4 69. c4 bxc4 70. Kf3 c3 0-1

[Event "42nd Olympiad 2016"]
[Site "Baku AZE"]
[Date "2016.09.09"]
[Round "7.77"]
[Board "2"]
[White "Anwuli, Daniel"]
[Black "Ho, Hou-Meng, Herman"]
[Result "1-0"]
[WhiteTitle "FM"]
[WhiteElo "2336"]
[BlackElo "1908"]
[WhiteTeam "Nigeria"]
[BlackTeam "Macau"]
[WhiteFideId "8504580"]
[BlackFideId "16300190"]
[EventDate "2016.09.02"]

1. c4 e6 2. g3 d5 3. Bg2 c6 4. Nf3 Bd6 5. O-O Nd7 6. d4 f5 7. Qc2 Ngf6 8. Nc3
Ne4 9. Nxe4 fxe4 10. Ng5 Nf6 11. f3 h6 12. fxe4 hxg5 13. e5 Be7 14. Qg6+ Kd7 15.
exf6 gxf6 16. cxd5 exd5 17. e4 dxe4 18. Qxe4 Re8 19. Re1 Bb4 20. Bh3+ Kc7 21.
Qxe8 Bxe1 22. Qxd8+ Kxd8 23. Bxc8 Rxc8 24. Bxg5 fxg5 25. Rxe1 c5 26. Rc1 c4 27.
Kf2 Kd7 28. Kf3 Kd6 29. Kg4 Kd5 30. Kxg5 b5 31. h4 b4 32. h5 c3 33. bxc3 Rxc3
34. Rg1 Rc2 35. Rh1 a5 36. h6 Rc8 37. h7 Rh8 38. Kh6 Kxd4 39. g4 a4 40. g5 b3
41. axb3 axb3 42. g6 1-0

[Event "42nd Olympiad 2016"]
[Site "Baku AZE"]
[Date "2016.09.09"]
[Round "7.77"]
[Board "3"]
[White "Ieong, Seak Hin"]
[Black "Adu, Oladapo"]
[Result "1-0"]
[BlackTitle "IM"]
[WhiteElo "1841"]
[BlackElo "2334"]
[WhiteTeam "Macau"]
[BlackTeam "Nigeria"]
[WhiteFideId "15400344"]
[BlackFideId "8500258"]
[EventDate "2016.09.02"]

1. e4 c5 2. Nc3 Nc6 3. g3 g6 4. Bg2 Bg7 5. d3 d6 6. f4 Rb8 7. a4 a6 8. Nf3 Nh6
9. O-O O-O 10. h3 f5 11. Nd5 e6 12. Ne3 Bd7 13. c3 b5 14. axb5 axb5 15. exf5
gxf5 16. Ng5 d5 17. Re1 Kh8 18. Nc2 Qc8 19. Be3 Nd8 20. Qe2 Ng8 21. Qf2 Nb7 22.
Ra3 Nf6 23. Nf3 Rg8 24. Ne5 Be8 25. Kh2 Bf8 26. b4 c4 27. dxc4 bxc4 28. Bd4 Bg7
29. Bf3 Nd6 30. Raa1 Nb5 31. g4 Ne4 32. Bxe4 fxe4 33. Qh4 Rf8 34. Rf1 Kg8 35.
Bc5 Rf6 36. g5 Rf5 37. Ne3 Nxc3 38. Nxf5 exf5 39. Ra7 Rb7 40. Rfa1 Nb5 41. g6
Bxe5 42. gxh7+ Kh8 43. Ra8 Bb8 44. Be7 Rxe7 45. Qxe7 Nd4 46. Qf6+ Kxh7 47. R1a7+
Bxa7 48. Rxc8 Nf3+ 49. Kg3 Bd4 50. Rc7+ 1-0

[Event "42nd Olympiad 2016"]
[Site "Baku AZE"]
[Date "2016.09.09"]
[Round "7.77"]
[Board "4"]
[White "Adesina, Adeyinka"]
[Black "Mak, Kei Keng"]
[Result "1-0"]
[WhiteTitle "CM"]
[WhiteElo "2259"]
[BlackElo "1977"]
[WhiteTeam "Nigeria"]
[BlackTeam "Macau"]
[WhiteFideId "8501238"]
[BlackFideId "15400115"]
[EventDate "2016.09.02"]

1. d4 Nf6 2. c4 e6 3. Nf3 b6 4. g3 Bb7 5. Bg2 Ne4 6. O-O Be7 7. Qc2 f5 8. Ne5 d6
9. Qa4+ c6 10. Nd3 O-O 11. Qc2 Qd7 12. Rd1 Na6 13. a3 Rad8 14. f3 Nf6 15. Nc3
Qc8 16. b4 Nc7 17. Bb2 b5 18. c5 Nfd5 19. Nxd5 Nxd5 20. Qc1 f4 21. gxf4 Nxf4 22.
Nxf4 Bg5 23. e3 e5 24. Bh3 exf4 25. Bxc8 Bxc8 26. e4 Rf6 27. Kh1 d5 28. Re1 Be6
29. a4 Rg6 30. axb5 dxe4 31. Rxe4 Bd5 32. Qe1 Rh6 33. bxc6 Bxc6 34. d5 Rxd5 35.
Re8+ Kf7 36. Rxa7+ Rd7 37. Rxd7+ Bxd7 38. Re2 Bc6 39. Qc3 Rg6 40. Qb3+ Kf8 41.
b5 Be8 42. c6 Be7 43. Ba3 1-0

[Event "42nd Olympiad 2016"]
[Site "Baku AZE"]
[Date "2016.09.09"]
[Round "7.78"]
[Board "1"]
[White "Rossini, Paul"]
[Black "Mdoe, Yusuf"]
[Result "1/2-1/2"]
[BlackTitle "CM"]
[WhiteElo "1692"]
[BlackElo "1758"]
[WhiteTeam "San Marino"]
[BlackTeam "Tanzania"]
[WhiteFideId "11800020"]
[BlackFideId "10002235"]
[EventDate "2016.09.02"]

1. e4 e6 2. d4 d5 3. e5 c5 4. Nf3 cxd4 5. Qxd4 Ne7 6. Bg5 Qc7 7. Nc3 a6 8. Qd2
Nbc6 9. Bf4 Ng6 10. Bg3 Ngxe5 11. Nxe5 Nxe5 12. Qe2 Bd6 13. f4 Nc4 14. Nxd5 Qa5+
15. c3 Nxb2 16. Nf6+ gxf6 17. Qxb2 Qf5 18. Qd2 Be7 19. Bd3 Qa5 20. O-O Bd7 21.
Be4 Rd8 22. Qb2 b5 23. Bh4 f5 24. c4 Rg8 25. Bxe7 Kxe7 26. Bd3 bxc4 27. Bxc4
Qc5+ 28. Qf2 Rxg2+ 29. Kxg2 Rg8+ 30. Kh3 Qxc4 31. Rac1 Qb5 32. Qc5+ Qxc5 33.
Rxc5 Bb5 34. Rf2 Rg4 35. Rc7+ Kf6 36. Rc3 Kg6 37. Rg3 h5 38. Rxg4+ hxg4+ 39. Kg3
f6 40. Rd2 Kf7 41. Rd6 Ke7 42. Rb6 Kd7 43. Kf2 Bc4 44. a4 Kc7 45. a5 Kd7 46. Ke3
Ke7 47. Kd4 Be2 48. Ke3 Bf1 49. Kf2 Bc4 50. Ke3 e5 51. fxe5 fxe5 52. Rh6 Be6 53.
Rh7+ Kd6 54. Rb7 Bc4 55. Rb2 Kd5 56. Rd2+ Kc5 57. Rf2 Be6 58. Rb2 Bd5 59. Rb6
f4+ 60. Kf2 Bc4 61. Rg6 g3+ 62. hxg3 fxg3+ 63. Kxg3 Bd3 64. Rg5 Kd4 65. Kf2 e4
66. Ke1 Kc3 67. Re5 Kd4 68. Rg5 Kc4 69. Re5 Kd4 70. Rg5 e3 71. Rh5 Bc4 72. Rg5
Bd3 73. Rh5 Bc4 74. Rg5 Kc3 75. Re5 e2 76. Rxe2 Bxe2 77. Kxe2 Kb4 78. Kd2 Kxa5
79. Kc2 Kb4 1/2-1/2

[Event "42nd Olympiad 2016"]
[Site "Baku AZE"]
[Date "2016.09.09"]
[Round "7.78"]
[Board "2"]
[White "Mwanyika, Geoffrey"]
[Black "Grassi, Enrico"]
[Result "1/2-1/2"]
[BlackTitle "FM"]
[WhiteElo "1850"]
[BlackElo "2049"]
[WhiteTeam "Tanzania"]
[BlackTeam "San Marino"]
[WhiteFideId "10002294"]
[BlackFideId "11800046"]
[EventDate "2016.09.02"]

1. f4 c5 2. Nf3 g6 3. e3 Bg7 4. Be2 e6 5. O-O Ne7 6. c3 O-O 7. d4 cxd4 8. exd4
d5 9. g4 Nbc6 10. h4 f5 11. g5 Bd7 12. Kg2 Nc8 13. Rh1 Nd6 14. Ne5 Ne7 15. h5
Bxe5 16. dxe5 Ne4 17. hxg6 hxg6 18. Qe1 Kg7 19. Be3 Rh8 20. Nd2 b6 21. Nf3 Qc7
22. Nd4 a6 23. Rh6 Rxh6 24. gxh6+ Kh7 25. Qh4 Ng8 26. Nf3 Be8 27. Rh1 Qe7 28.
Ng5+ Nxg5 29. fxg5 Qc7 30. Qd4 Ne7 31. Qb4 1/2-1/2

[Event "42nd Olympiad 2016"]
[Site "Baku AZE"]
[Date "2016.09.09"]
[Round "7.78"]
[Board "3"]
[White "Maccapani, Massimiliano"]
[Black "Hassuji, Nurdin"]
[Result "1/2-1/2"]
[WhiteTitle "CM"]
[BlackTitle "CM"]
[WhiteElo "1971"]
[BlackElo "1732"]
[WhiteTeam "San Marino"]
[BlackTeam "Tanzania"]
[WhiteFideId "11800089"]
[BlackFideId "10001670"]
[EventDate "2016.09.02"]

1. d4 d5 2. Nf3 Nf6 3. c4 c6 4. e3 e6 5. Nc3 Nbd7 6. b3 Bd6 7. Bb2 O-O 8. Bd3 b6
9. O-O Bb7 10. e4 dxe4 11. Nxe4 Nxe4 12. Bxe4 Nf6 13. Bd3 Qe7 14. a3 c5 15. dxc5
Bxc5 16. b4 Bd6 17. Qe2 Rad8 18. Rfd1 Rfe8 19. Bc2 Bc7 20. Ne5 Rxd1+ 21. Rxd1
Rd8 22. Rxd8+ Qxd8 23. Bc3 Qa8 24. g3 Bh1 25. f4 Be4 26. Bxe4 Qxe4 27. Qxe4 Nxe4
28. Be1 f6 29. Nd3 Kf7 30. Kf1 Ke7 31. Ke2 g6 1/2-1/2